[Event "4th Chessfestival Gredine 2018"]
[Site "Ortisei"]
[Date "2018.06.23"]
[Round "8.11"]
[White "Landi, Alberto"]
[Black "Gholami, Aryan"]
[Result "0-1"]
[WhiteElo "2198"]
[BlackElo "2490"]
[Annotator "TA"]
[PlyCount "50"]
[EventDate "2018.06.20"]
[EventType "swiss"]
[EventCountry "ITA"]
[SourceTitle "playchess.com"]
[Source "ChessBase"]
[SourceQuality "1"]

{[%evp 24,50,50,38,39,36,42,45,65,66,52,53,70,44,50,14,15,0,12,-16,-41,-127,-120,-124,-122,-245,-245,-307,-309]} 1. e4 c5 2. c3 Nf6 3. e5 Nd5 4. d4 cxd4 5. Nf3 e6 6. cxd4 d6 7. Bc4 Nb6 8. Bd3 dxe5 {B22: Sicilian: 2 c3} (8... Nc6 9. O-O Nb4 10. Be4 d5 11. Bd3 Nxd3 12. Qxd3 Be7 13. Nc3 Bd7 14. a4 Nc4 15. b3 Na5 16. Nb5 O-O 17. Bd2 Nc6 {½-½ (72) Potapov,P (2479)-Rublevsky,S (2683) St Petersburg 2017}) 9. dxe5 Na6 10. Qe2 Nc5 11. Bc2 Nd5 12. O-O Be7 13. Rd1 {LiveBook: 7 Games} Bd7 {[%cal Bc8d7,Bd7b5,Bb5e2,Be2c4][%mdl 32]} 14. Rd4 Qb6 $146 ({Predecessor:} 14... Rc8 15. Rg4 g6 16. Bh6 {0-1 (69) Brandenburg,D (2483)-Burg,T (2275) Groningen 2007}) 15. Na3 Qa6 16. Qd1 h6 17. Nc4 Bb5 18. Ne3 Be2 19. Nxd5 (19. Qe1 {looks sharper.} Nb6 20. Qd2 Rc8 21. a4 Nbd7 22. b4) 19... exd5 {[%cal Be6d5,Bd5d4][%mdl 32]} 20. Qe1 Rd8 21. Nd2 O-O $36 {[%mdl 2048] Black fights for an advantage.} 22. Nb3 (22. Nf1 $15) 22... Ne6 $17 23. Rd2 Bc4 {And now ...d4 would win.} 24. Rd1 (24. Nd4 $17 {keeps fighting.}) 24... d4 $19 {Hoping for ...d3.} 25. Na5 Be2 {Precision: White = 30%, Black = 71%.} 0-1

[Event "4th Chessfestival Gredine 2018"]
[Site "Ortisei"]
[Date "2018.06.23"]
[Round "8.12"]
[White "Seyb, Dieter"]
[Black "Tan, Justin"]
[Result "0-1"]
[WhiteElo "2179"]
[BlackElo "2484"]
[Annotator "TA"]
[PlyCount "64"]
[EventDate "2018.06.20"]
[EventType "swiss"]
[EventCountry "ITA"]
[SourceTitle "playchess.com"]
[Source "ChessBase"]
[SourceQuality "1"]

{[%evp 11,64,38,53,35,28,30,34,32,35,33,42,42,34,33,35,28,30,22,41,13,19,8,17,0,42,31,49,38,41,12,56,0,78,70,78,-47,-43,-66,0,-81,-85,-185,-180,-666,-660,-1311,-1280,-1961,-1495,-29992,-29993,-29995,-29996,-29997,-29998]} 1. e4 d5 2. exd5 Qxd5 3. Nc3 Qd6 4. d4 Nf6 5. Nf3 c6 6. Ne5 Be6 {LiveBook: 45 Games. B01: Scandinavian Defence} (6... Nbd7 7. f4 Nb6 8. g4 g6 9. Bg2 Bg7 10. O-O O-O 11. f5 Rd8 12. Ne2 Nfd7 13. Nxf7 Kxf7 14. Bf4 {1-0 (43) Safarli,E (2657)-Hera,I (2620) Brest 2018}) 7. Bc4 (7. Bf4 {with more complications.} Qd8 8. Be2 g6 9. O-O Bg7 10. a4) 7... Bxc4 8. Nxc4 Qc7 {White has an edge.} 9. Qf3 Qd8 10. Be3 e6 11. O-O-O Nbd7 {[%cal Bb8d7,Bd7b6,Bb6d5,Bd5c3][%mdl 32]} 12. Bf4 $146 ({Predecessor:} 12. Rhe1 Nb6 13. Ne5 Bb4 14. Bd2 Bxc3 15. Bxc3 {0-1 (37) Hempel,M (2139)-Duncker,J (2275) Germany 2005}) 12... Nb6 13. Na5 Qd7 14. Nb3 Nbd5 15. Be5 Nxc3 16. Qxc3 Qd5 17. Qa5 Nd7 ({Much worse is} 17... Qxg2 $6 18. Qc7 $16) 18. Qc7 Be7 $1 19. Qxb7 O-O 20. Bg3 a5 21. Kb1 (21. Nc5 $1 $14 Rad8 22. Kb1) 21... a4 (21... Bd6 $11) 22. Nc5 $1 $16 {[%cal Rc5d7]} Nxc5 23. dxc5 ({Only move:} 23. Qxe7 $16 Ne4 24. f3 Nxg3 25. hxg3) 23... Qxc5 $15 24. Rd7 Rfe8 ({Black should play} 24... Ra5 $1 $15 25. Rxe7 Rb5) 25. a3 (25. Rc7 $11 {keeps the balance.}) 25... e5 $36 {[%mdl 2048] Threatens to win with ...Reb8. Keeping White busy.} 26. Ka1 (26. Qb4 $17 {was worth a try.}) 26... Rab8 27. Qa7 $2 (27. Rxe7 Qxe7 28. Qxc6) 27... Qb5 $19 {[%csl Gb8][%cal Rb5b2]} 28. Rb1 {[#]} Bxa3 $1 {[%mdl 512]} 29. b3 (29. bxa3 Qxb1#) 29... Ra8 30. Qb7 axb3 {Black mates.} 31. Rxb3 Qf1+ 32. Rb1 Bc1+ {Precision: White = 30%, Black = 76%.} 0-1

[Event "4th Chessfestival Gredine 2018"]
[Site "Ortisei"]
[Date "2018.06.23"]
[Round "8.14"]
[White "Hoffmann, Sebastian"]
[Black "Borgo, Giulio"]
[Result "0-1"]
[WhiteElo "2105"]
[BlackElo "2397"]
[Annotator "NA"]
[PlyCount "88"]
[EventDate "2018.06.20"]
[EventType "swiss"]
[EventCountry "ITA"]
[SourceTitle "playchess.com"]
[Source "ChessBase"]
[SourceQuality "1"]
[TimeControl "40/5400+30:1800+30"]

1. e4 {[%emt 0:00:30]} e6 {[%emt 0:01:00]} 2. d4 {[%emt 0:00:30]} d5 {[%emt 0:00:30]} 3. Bd3 {[%emt 0:00:00]} dxe4 {[%emt 0:00:30]} 4. Bxe4 {[%emt 0:00:00]} Nf6 {[%emt 0:00:30]} 5. Bf3 {[%emt 0:00:30]} c5 {[%emt 0:02:30]} 6. Ne2 {[%emt 0:00:30]} Nc6 {[%emt 0:00:30]} 7. Be3 {[%emt 0:00:30]} cxd4 {[%emt 0:01:30]} 8. Nxd4 {[%emt 0:00:30]} Ne5 {[%emt 0:00:30]} 9. Nc3 {[%emt 0:00:30]} a6 {[%emt 0:03:30]} 10. Qe2 {[%emt 0:02:30]} Nxf3+ {[%emt 0:12:30]} 11. Qxf3 {[%emt 0:00:30]} e5 {[%emt 0:00:30]} 12. Nf5 {[%emt 0:20:30]} Qd7 {[%emt 0:02:30]} 13. Ng3 {[%emt 0:02:30]} Qg4 {[%emt 0:12:30]} 14. Qxg4 {[%emt 0:02:30]} Bxg4 {[%emt 0:00:00]} 15. f3 {[%emt 0:02:30]} Be6 {[%emt 0:07:00]} 16. O-O-O {[%emt 0:00:30]} Rc8 {[%emt 0:00:30]} 17. Bg5 {[%emt 0:15:30]} Nd7 {[%emt 0:06:30]} 18. Nge4 {[%emt 0:06:30]} Rc6 {[%emt 0:01:30]} 19. Nd5 {[%emt 0:05:30]} f5 {[%emt 0:03:30]} 20. Nec3 {[%emt 0:01:30]} Kf7 {[%emt 0:00:30]} 21. g4 {[%emt 0:12:30]} g6 {[%emt 0:01:30]} 22. gxf5 {[%emt 0:05:40]} gxf5 {[%emt 0:00:30]} 23. Be3 {[%emt 0:01:30]} Rg8 {[%emt 0:01:30]} 24. Rhg1 {[%emt 0:01:06]} Rxg1 {[%emt 0:00:30]} 25. Bxg1 {[%emt 0:00:14]} Bd6 {[%emt 0:11:30]} 26. Ne2 {[%emt 0:03:30]} Nf6 {[%emt 0:04:30]} 27. Ndc3 {[%emt 0:03:45]} b5 {[%emt 0:04:30]} 28. a3 {[%emt 0:00:16]} Bc8 {[%emt 0:04:01]} 29. Kb1 {[%emt 0:02:06]} Bc7 {[%emt 0:01:12]} 30. Kc1 {[%emt 0:02:43]} Bb7 {[%emt 0:08:39]} 31. f4 {[%emt 0:01:53]} e4 {[%emt 0:00:34]} 32. Nd4 {[%emt 0:00:43]} Bxf4+ {[%emt 0:02:03]} 33. Kb1 {[%emt 0:00:01]} Rd6 {[%emt 0:01:28]} 34. Nxf5 {[%emt 0:00:00]} Ng4 {[%emt 0:03:23]} 35. h3 {[%emt 0:00:35]} Nf6 {[%emt 0:02:02]} 36. Rxd6 {[%emt 0:02:30]} Bxd6 {[%emt 0:00:41]} 37. Nd1 {[%emt 0:00:30]} Bf4 {[%emt 0:00:35]} 38. Be3 {[%emt 0:00:30]} Bb8 {[%emt 0:00:33]} 39. Kc1 {[%emt 0:01:33]} Bc8 {[%emt 0:00:44]} 40. Nh6+ {[%emt 0:01:28]} Kg6 {[%emt 0:30:08]} 41. h4 {[%emt 0:32:51]} Nd5 {[%emt 0:00:00]} 42. Bg5 {[%emt 0:00:00]} Bf4+ {[%emt 0:00:00]} 43. Kb1 {[%emt 0:00:00]} e3 {[%emt 0:00:00]} 44. Nxe3 {[%emt 0:00:00]} Bxe3 {[%emt 0:00:00]} 0-1

[Event "4th Chessfestival Gredine 2018"]
[Site "Ortisei"]
[Date "2018.06.23"]
[Round "8.15"]
[White "Lumachi, Gabriele"]
[Black "Herzog, Adolf"]
[Result "1/2-1/2"]
[WhiteElo "1989"]
[BlackElo "2344"]
[Annotator "NA"]
[PlyCount "93"]
[EventDate "2018.06.20"]
[EventType "swiss"]
[EventCountry "ITA"]
[SourceTitle "playchess.com"]
[Source "ChessBase"]
[SourceQuality "1"]
[TimeControl "40/5400+30:1800+30"]

1. e4 {[%emt 0:00:30]} e6 {[%emt 0:01:00]} 2. d4 {[%emt 0:00:00]} d5 {[%emt 0:00:00]} 3. Nc3 {[%emt 0:00:00]} Bb4 {[%emt 0:00:00]} 4. e5 {[%emt 0:00:00]} c5 {[%emt 0:00:30]} 5. a3 {[%emt 0:00:00]} Bxc3+ {[%emt 0:00:00]} 6. bxc3 {[%emt 0:00:00]} Ne7 {[%emt 0:00:00]} 7. Qg4 {[%emt 0:00:00]} O-O {[%emt 0:00:30]} 8. Bd3 {[%emt 0:00:00]} f5 {[%emt 0:00:30]} 9. exf6 {[%emt 0:00:00]} Rxf6 {[%emt 0:00:00]} 10. Bg5 {[%emt 0:00:30]} Rf7 {[%emt 0:00:00]} 11. Qh5 {[%emt 0:00:00]} g6 {[%emt 0:00:30]} 12. Qd1 {[%emt 0:00:00]} Qa5 {[%emt 0:00:30]} 13. Qd2 {[%emt 0:05:30]} Nbc6 {[%emt 0:02:30]} 14. Nf3 {[%emt 0:00:30]} Bd7 {[%emt 0:24:30]} 15. h4 {[%emt 0:03:30]} c4 {[%emt 0:00:30]} 16. Be2 {[%emt 0:00:30]} Nf5 {[%emt 0:05:30]} 17. Bf4 {[%emt 0:06:30]} Nfxd4 {[%emt 0:06:30]} 18. cxd4 {[%emt 0:14:30]} Rxf4 {[%emt 0:00:00]} 19. Rb1 {[%emt 0:07:30]} Qxd2+ {[%emt 0:03:00]} 20. Kxd2 {[%emt 0:00:30]} Nxd4 {[%emt 0:12:30]} 21. Rxb7 {[%emt 0:02:30]} c3+ {[%emt 0:02:30]} 22. Kd1 {[%emt 0:05:30]} Bc8 {[%emt 0:05:30]} 23. Rb4 {[%emt 0:02:30]} Nxe2 {[%emt 0:00:30]} 24. Kxe2 {[%emt 0:00:30]} Ba6+ {[%emt 0:00:30]} 25. Ke3 {[%emt 0:00:30]} Rxb4 {[%emt 0:05:30]} 26. axb4 {[%emt 0:00:30]} Rb8 {[%emt 0:04:30]} 27. Rb1 {[%emt 0:08:30]} Bc4 {[%emt 0:05:30]} 28. Kd4 {[%emt 0:04:30]} Be2 {[%emt 0:03:06]} 29. Ne5 {[%emt 0:10:30]} Rf8 {[%emt 0:06:08]} 30. Ke3 {[%emt 0:03:30]} Bb5 {[%emt 0:00:21]} 31. g3 {[%emt 0:01:30]} Ba4 {[%emt 0:02:09]} 32. f4 {[%emt 0:00:30]} Rb8 {[%emt 0:02:42]} 33. Kd4 {[%emt 0:05:46]} a5 {[%emt 0:02:33]} 34. Ra1 {[%emt 0:02:31]} Rxb4+ {[%emt 0:01:15]} 35. Kxc3 {[%emt 0:00:25]} Kf8 {[%emt 0:00:53]} 36. Ra2 {[%emt 0:00:53]} Ke7 {[%emt 0:00:15]} 37. Nd3 {[%emt 0:01:47]} Re4 {[%emt 0:00:57]} 38. Kd2 {[%emt 0:01:25]} Kd6 {[%emt 0:03:19]} 39. Nb2 {[%emt 0:00:36]} Bb5 {[%emt 0:01:37]} 40. Rxa5 {[%emt 0:00:05]} Kc6 {[%emt 0:30:14]} 41. Nd3 {[%emt 0:31:46]} d4 {[%emt 0:00:28]} 42. Ra3 {[%emt 0:06:56]} Kb6 {[%emt 0:01:06]} 43. Rb3 {[%emt 0:01:01]} h6 {[%emt 0:01:17]} 44. c4 {[%emt 0:01:59]} dxc3+ {[%emt 0:00:09]} 45. Rxc3 {[%emt 0:00:00]} Be8 {[%emt 0:00:00]} 46. Ne5 {[%emt 0:00:00]} Re3 {[%emt 0:00:00]} 47. Kxe3 {[%emt 0:00:00]} 1/2-1/2

[Event "4th Chessfestival Gredine 2018"]
[Site "Ortisei"]
[Date "2018.06.23"]
[Round "8.16"]
[White "Dittmar, Peter"]
[Black "Moroder, Stefan"]
[Result "1/2-1/2"]
[WhiteElo "2252"]
[BlackElo "2183"]
[Annotator "NA"]
[PlyCount "57"]
[EventDate "2018.06.20"]
[EventType "swiss"]
[EventCountry "ITA"]
[SourceTitle "playchess.com"]
[Source "ChessBase"]
[SourceQuality "1"]
[TimeControl "40/5400+30:1800+30"]

1. e4 {[%emt 0:00:30]} c5 {[%emt 0:01:00]} 2. Nf3 {[%emt 0:00:30]} d6 {[%emt 0:01:30]} 3. Bb5+ {[%emt 0:00:00]} Nd7 {[%emt 0:00:00]} 4. O-O {[%emt 0:00:00]} a6 {[%emt 0:01:00]} 5. Bxd7+ {[%emt 0:00:30]} Bxd7 {[%emt 0:00:00]} 6. d4 {[%emt 0:00:30]} cxd4 {[%emt 0:00:00]} 7. Qxd4 {[%emt 0:00:00]} e5 {[%emt 0:00:30]} 8. Qd3 {[%emt 0:00:00]} Rc8 {[%emt 0:00:30]} 9. Rd1 {[%emt 0:03:30]} h6 {[%emt 0:17:30]} 10. c4 {[%emt 0:01:30]} Nf6 {[%emt 0:14:30]} 11. b3 {[%emt 0:01:30]} b5 {[%emt 0:03:30]} 12. Nbd2 {[%emt 0:02:30]} b4 {[%emt 0:04:30]} 13. a3 {[%emt 0:00:30]} a5 {[%emt 0:00:30]} 14. axb4 {[%emt 0:00:30]} axb4 {[%emt 0:00:00]} 15. Nf1 {[%emt 0:00:30]} Be7 {[%emt 0:08:00]} 16. Be3 {[%emt 0:07:30]} Bc6 {[%emt 0:09:30]} 17. Ng3 {[%emt 0:01:30]} Ra8 {[%emt 0:00:00]} 18. Nd2 {[%emt 0:01:30]} g6 {[%emt 0:01:00]} 19. f3 {[%emt 0:00:30]} Kf8 {[%emt 0:03:30]} 20. Ndf1 {[%emt 0:01:30]} Kg7 {[%emt 0:02:30]} 21. Qd2 {[%emt 0:00:30]} Qb8 {[%emt 0:04:30]} 22. Rxa8 {[%emt 0:02:30]} Bxa8 {[%emt 0:03:30]} 23. Ne2 {[%emt 0:01:30]} Nd7 {[%emt 0:03:30]} 24. Nc1 {[%emt 0:03:30]} Nc5 {[%emt 0:00:30]} 25. Qb2 {[%emt 0:02:30]} Bc6 {[%emt 0:04:50]} 26. Bxc5 {[%emt 0:04:30]} dxc5 {[%emt 0:00:02]} 27. Ne3 {[%emt 0:00:00]} Bg5 {[%emt 0:01:56]} 28. Ng4 {[%emt 0:02:00]} f6 {[%emt 0:02:18]} 29. Qf2 {[%emt 0:22:30]} 1/2-1/2

[Event "4th Chessfestival Gredine 2018"]
[Site "Ortisei"]
[Date "2018.06.23"]
[Round "8.17"]
[White "Volkov, Dmitriy"]
[Black "Solomon, Kenny"]
[Result "1/2-1/2"]
[WhiteElo "2334"]
[BlackElo "2419"]
[Annotator "TA"]
[PlyCount "157"]
[EventDate "2018.06.20"]
[EventType "swiss"]
[EventCountry "ITA"]
[SourceTitle "playchess.com"]
[Source "ChessBase"]
[SourceQuality "1"]

{[%evp 21,157,25,50,16,31,0,10,0,0,-70,-72,-96,-10,-12,68,50,16,18,40,-4,-27,-202,-202,-201,-203,-363,-370,-341,-298,-262,-229,-231,-243,-231,-236,-405,-405,-502,-423,-422,-408,-370,-285,-275,-286,-275,-278,-272,-262,-225,-112,-326,-302,-324,-312,-232,-65,-152,0,0,0,0,0,-29,0,0,0,0,0,0,0,0,0,0,0,0,0,0,0,0,0,0,0,0,0,0,0,-210,0,0,0,0,0,0,0,0,0,0,0,0,0,0,0,0,0,0,0,0,0,0,0,0,0,0,0,0,0,0,0,0,0,0,0,0,0,0,0,0,0,0,0,0,0,0,0,0,0,0]} 1. e4 c5 2. Nf3 d6 3. d4 cxd4 4. Nxd4 Nf6 5. Nc3 a6 6. h3 e6 7. g4 {[%cal Bg2g4,Bg4g5][%mdl 32]} Be7 {B81: Sicilian Scheveningen: Keres Attack} 8. g5 Nfd7 9. h4 b5 10. Be3 Bb7 11. a3 Nc6 {LiveBook: 66 Games} 12. Nxc6 Bxc6 13. Qd4 O-O $1 14. O-O-O Rb8 15. f4 {[#]} (15. h5 $1 $11) 15... a5 $146 16. h5 b4 (16... e5 $17 17. Qd2 b4 18. axb4 axb4) 17. h6 $11 gxh6 ({Black should play} 17... e5 $11 18. Qc4 bxc3 19. hxg7 Kxg7 20. Qxc6 cxb2+ 21. Kb1 Qc8 22. Qxc8 Rfxc8) 18. Nd5 (18. gxh6 e5 $15) 18... bxa3 (18... exd5 19. exd5 Ba4 20. Rxh6 $11) 19. bxa3 e5 20. Qd2 {aiming for Qh2.} Bxd5 21. exd5 $2 (21. Qg2 $1 $11 exf4 22. gxh6+ Bg5 23. Rxd5 fxe3 24. Qxg5+ (24. Rxg5+ Kh8 $19) 24... Qxg5 25. Rxg5+ Kh8 26. Rg3) 21... exf4 $19 22. Bxf4 Qb6 $40 {[%csl Gb8][%cal Rb6b2][%mdl 128] Black has strong attack.} (22... Bxg5 23. Bxg5 Qxg5 24. Bd3 $15) (22... hxg5 23. Qh2 $16) 23. Qd3 $2 (23. Qd4 Qxd4 24. Rxd4 hxg5 25. Bd2) 23... Ne5 (23... Bxg5 24. Bxg5 Nc5 25. Qe3 $15 (25. Qf5 Qb2+ 26. Kd2 Rfe8 $17)) 24. Qe4 Rfc8 (24... Bxg5 25. Bxg5 Qb2+ 26. Kd2) 25. Bd3 Qb2+ 26. Kd2 Qc3+ (26... Bxg5 27. Qxh7+ Kf8 28. Bxg5 $11) 27. Ke2 Nxd3 (27... Bxg5 28. Qxh7+ Kf8 29. Bxg5 $16) 28. cxd3 $2 (28. Qxd3 Qxd3+ 29. Kxd3 hxg5 30. Rde1) 28... Re8 $1 29. Bd2 Qc8 30. Kf3 Bxg5 31. Qg4 Qc2 32. Bxg5 Qe2+ (32... hxg5 33. Qxg5+ Kf8 34. Qh6+ Ke7 35. Rde1+ Kd7 36. Qh3+ (36. Qxh7 Rxe1 37. Rxe1 Kc7 $11) 36... Kc7 37. Rc1 $18) 33. Kg3 {[#]} Qxg4+ $1 ({But not} 33... hxg5 $2 34. Qxg5+ Kf8 35. Qh6+ Ke7 36. Rde1 $18) 34. Kxg4 hxg5 35. Kxg5 {[%mdl 4096] Endgame KRR-KRR} Rb2 (35... Rb5 $19 {is more deadly.} 36. Kf6 Rxd5) 36. Rde1 $2 (36. Rh6 $17) 36... Rg2+ 37. Kf4 Rf2+ 38. Kg4 h5+ $2 (38... Rxe1 $19 39. Rxe1 Kg7) 39. Kxh5 (39. Kg5 $1 $15 Rxe1 40. Rxe1) 39... Ree2 $2 (39... Rxe1 $17 40. Rxe1 Rf5+ 41. Kg4 Rxd5) 40. Kg5 Rg2+ 41. Kf4 Rgf2+ 42. Kg4 Rg2+ 43. Kf4 Ref2+ 44. Ke4 Rg4+ 45. Ke3 Rf5 46. Reg1 Re5+ 47. Kd2 Rxg1 (47... Rg6 {looks sharper.} 48. d4 Rxd5 49. Kd3 Rb5 50. Kc4 Rb6) 48. Rxg1+ $11 {KR-KR} Kf8 49. Rb1 Rxd5 50. Rb7 Kg7 51. Ke3 Re5+ 52. Kd4 Kf6 53. Ra7 Ke6 54. Ra8 $2 {[#]} (54. Kc4 $1 $11 {and White has nothing to worry.}) 54... Rd5+ $2 (54... f5 $1 $19 55. Re8+ Kf6 56. Rf8+ Ke7) 55. Ke4 {The position is equal.} f5+ (55... Rh5 {keeps more tension.} 56. Ke3 Rb5 57. a4 Re5+ 58. Kf4 Rc5) 56. Ke3 Kd7 57. d4 Rb5 58. a4 Rb3+ 59. Kf4 Rb4 60. Rxa5 Rxd4+ 61. Kxf5 Kc6 62. Ra8 Kb7 63. Rd8 Kc6 64. a5 Ra4 65. Ra8 Kd5 66. a6 Ra1 67. a7 Rf1+ 68. Kg6 $1 Ra1 69. Kf5 Rf1+ 70. Kg6 Rg1+ 71. Kf6 {Hoping for Rd8.} Rf1+ 72. Kg6 Ra1 73. Kf5 Ra4 74. Kg5 Ra3 75. Kf4 Ra4+ 76. Kf5 Ra2 77. Kf4 Ra3 78. Kf5 Ra4 79. Kf6 {Precision: White = 62%, Black = 64%.} 1/2-1/2

[Event "4th Chessfestival Gredine 2018"]
[Site "Ortisei"]
[Date "2018.06.23"]
[Round "8.18"]
[White "Movileanu, Daniela"]
[Black "Dev, Shah"]
[Result "1-0"]
[WhiteElo "2199"]
[BlackElo "1997"]
[Annotator "NA"]
[PlyCount "97"]
[EventDate "2018.06.20"]
[EventType "swiss"]
[EventCountry "ITA"]
[SourceTitle "playchess.com"]
[Source "ChessBase"]
[SourceQuality "1"]
[TimeControl "40/5400+30:1800+30"]

1. e4 {[%emt 0:00:30]} e5 {[%emt 0:01:00]} 2. Nf3 {[%emt 0:00:00]} Nc6 {[%emt 0:00:30]} 3. Bc4 {[%emt 0:00:00]} Nf6 {[%emt 0:00:30]} 4. d3 {[%emt 0:00:30]} Be7 {[%emt 0:00:30]} 5. O-O {[%emt 0:01:30]} O-O {[%emt 0:00:00]} 6. Re1 {[%emt 0:00:30]} d6 {[%emt 0:00:00]} 7. a4 {[%emt 0:00:30]} Na5 {[%emt 0:00:30]} 8. Ba2 {[%emt 0:01:30]} c5 {[%emt 0:00:00]} 9. c3 {[%emt 0:01:30]} Nc6 {[%emt 0:00:00]} 10. Na3 {[%emt 0:00:30]} a6 {[%emt 0:01:30]} 11. Bd2 {[%emt 0:02:30]} Be6 {[%emt 0:09:30]} 12. Bxe6 {[%emt 0:02:30]} fxe6 {[%emt 0:00:30]} 13. Qe2 {[%emt 0:02:30]} Qc7 {[%emt 0:05:30]} 14. Nc2 {[%emt 0:18:30]} Rae8 {[%emt 0:14:30]} 15. d4 {[%emt 0:05:30]} Nd7 {[%emt 0:02:30]} 16. b4 {[%emt 0:16:30]} exd4 {[%emt 0:08:30]} 17. cxd4 {[%emt 0:00:30]} cxd4 {[%emt 0:20:30]} 18. Ncxd4 {[%emt 0:10:30]} Bf6 {[%emt 0:00:30]} 19. Rac1 {[%emt 0:01:30]} Qb6 {[%emt 0:07:30]} 20. Nxc6 {[%emt 0:03:30]} bxc6 {[%emt 0:00:00]} 21. a5 {[%emt 0:00:30]} Qb7 {[%emt 0:03:00]} 22. Qc4 {[%emt 0:00:30]} Nb8 {[%emt 0:13:01]} 23. e5 {[%emt 0:02:30]} dxe5 {[%emt 0:01:59]} 24. Nxe5 {[%emt 0:00:30]} Bxe5 {[%emt 0:00:08]} 25. Rxe5 {[%emt 0:00:00]} Qf7 {[%emt 0:00:15]} 26. Re2 {[%emt 0:00:00]} Rd8 {[%emt 0:00:17]} 27. Be3 {[%emt 0:05:30]} Rd5 {[%emt 0:00:42]} 28. Bb6 {[%emt 0:00:30]} Qd7 {[%emt 0:02:28]} 29. Ree1 {[%emt 0:02:30]} Rff5 {[%emt 0:02:52]} 30. g3 {[%emt 0:01:46]} Qf7 {[%emt 0:03:49]} 31. Re4 {[%emt 0:02:37]} h6 {[%emt 0:01:40]} 32. Qe2 {[%emt 0:03:32]} e5 {[%emt 0:00:44]} 33. Be3 {[%emt 0:02:28]} Kh7 {[%emt 0:01:18]} 34. Rec4 {[%emt 0:04:52]} g6 {[%emt 0:00:25]} 35. Kg2 {[%emt 0:02:04]} Qd7 {[%emt 0:00:25]} 36. Rh4 {[%emt 0:01:21]} g5 {[%emt 0:00:23]} 37. Re4 {[%emt 0:01:38]} Rd3 {[%emt 0:00:51]} 38. Rc5 {[%emt 0:01:31]} Rd5 {[%emt 0:00:32]} 39. Rc1 {[%emt 0:01:17]} Rf6 {[%emt 0:00:36]} 40. h4 {[%emt 0:01:16]} Qf5 {[%emt 0:01:05]} 41. Rg4 {[%emt 0:06:38]} Rg6 {[%emt 0:10:30]} 42. hxg5 {[%emt 0:03:30]} hxg5 {[%emt 0:09:16]} 43. Rh1+ {[%emt 0:00:30]} Kg7 {[%emt 0:00:54]} 44. Rh5 {[%emt 0:00:30]} Qd3 {[%emt 0:00:08]} 45. Qxd3 {[%emt 0:01:30]} Rxd3 {[%emt 0:00:01]} 46. Rhxg5 {[%emt 0:00:30]} Rxg5 {[%emt 0:00:08]} 47. Rxg5+ {[%emt 0:00:00]} Kf6 {[%emt 0:00:02]} 48. Rg8 {[%emt 0:01:00]} Nd7 {[%emt 0:00:10]} 49. Ra8 {[%emt 0:00:30]} 1-0

[Event "4th Chessfestival Gredine 2018"]
[Site "Ortisei"]
[Date "2018.06.23"]
[Round "8.20"]
[White "Podetti, Davide"]
[Black "Riebel, Werner"]
[Result "1-0"]
[WhiteElo "2186"]
[BlackElo "2113"]
[Annotator "NA"]
[PlyCount "41"]
[EventDate "2018.06.20"]
[EventType "swiss"]
[EventCountry "ITA"]
[SourceTitle "playchess.com"]
[Source "ChessBase"]
[SourceQuality "1"]
[TimeControl "40/5400+30:1800+30"]

1. e4 {[%emt 0:00:30]} c5 {[%emt 0:01:00]} 2. Nf3 {[%emt 0:00:00]} a6 {[%emt 0:00:00]} 3. d4 {[%emt 0:01:00]} cxd4 {[%emt 0:00:00]} 4. Nxd4 {[%emt 0:00:30]} Nf6 {[%emt 0:00:30]} 5. Nc3 {[%emt 0:00:00]} e5 {[%emt 0:00:00]} 6. Nf3 {[%emt 0:03:00]} Bb4 {[%emt 0:00:00]} 7. Bd2 {[%emt 0:02:30]} d6 {[%emt 0:00:30]} 8. Bd3 {[%emt 0:03:30]} Be6 {[%emt 0:01:30]} 9. O-O {[%emt 0:00:30]} Nbd7 {[%emt 0:00:30]} 10. a3 {[%emt 0:08:30]} Bxc3 {[%emt 0:04:30]} 11. Bxc3 {[%emt 0:00:30]} Nc5 {[%emt 0:05:30]} 12. Re1 {[%emt 0:05:30]} Qc7 {[%emt 0:05:30]} 13. Qd2 {[%emt 0:01:30]} O-O {[%emt 0:06:30]} 14. Bb4 {[%emt 0:06:30]} h6 {[%emt 0:05:30]} 15. Qe3 {[%emt 0:06:30]} b5 {[%emt 0:05:30]} 16. Nxe5 {[%emt 0:04:30]} Nxd3 {[%emt 0:18:30]} 17. Nxd3 {[%emt 0:00:00]} Qxc2 {[%emt 0:01:30]} 18. Rec1 {[%emt 0:00:00]} Qa4 {[%emt 0:00:30]} 19. Bxd6 {[%emt 0:01:30]} Rfe8 {[%emt 0:03:30]} 20. Bb4 {[%emt 0:01:30]} Nd7 {[%emt 0:02:30]} 21. b3 1-0